000 01975cam a22003735a 4500
999 _c128190
_d128190
001 16669811
003 ARRUPE
005 20180919124738.0
008 110228r20112009ilu b 001 0 eng d
010 _a 2011923999
020 _a9781595250346
020 _a1595250344
035 _a(OCoLC)ocn733805821
040 _aJES
_cJES
_dJES
_dMNJ
_dDLC
042 _alccopycat
050 0 0 _aBT50
_b.N54 2011
100 1 _aNichols, Aidan.
_942334
245 1 4 _aThe conversation of faith and reason :
_bmodern Catholic thought from Hermes to Benedict XVI /
_cAidan Nichols.
260 _aMundelein, IL :
_bHildenbrand Books,
_c2011.
300 _ax, 222 p. ;
_c23 cm.
490 1 _aStudies series
500 _aPreviously published: From Hermes to Benedict XVI, Gracewing 2009.
504 _aIncludes bibliographical references (p. [213]-218) and index.
505 0 _aA Kantian beginning : Georg Hermes -- A Catholic Hegel? Anton Günther -- The response of fideism : Louis Bautain -- Magisterial interventions : Gregory XVI and Pius IX -- Return to the schoolmen : Joseph Kleutgen and Leo XIII -- Embodying the Leonine project : Etienne Gilson -- The philosophy of action : Maurice Blondel -- The dispute over apologetics : from Blondel to Balthasar -- A synthetic outcome? John Paul II's letter Fides et ratio -- From Cracow to Regensburg : Benedict XVI.
610 2 0 _aCatholic Church
_xDoctrines.
_942335
650 0 _aFaith and reason
_xChristianity
_xHistory of doctrines
_y19th century.
_942336
650 0 _aFaith and reason
_xChristianity
_xHistory of doctrines
_y20th century.
_942337
650 0 _aTheology, Doctrinal.
_942338
700 1 _aNichols, Aidan.
_tFrom Hermes to Benedict XVI.
_942339
830 0 _aHillenbrand Books studies series.
_942340
906 _a0
_bibc
_ccopycat
_d2
_encip
_f20
_gy-gencatlg
942 _2lcc
_cMONOGRAPH